Письмо Базен Эдмонда Шиллингу М. Ф. /На франц. яз./

Доступно только в Электронных читальных залах Найти на картеНа карте
RUSMARC
00004106nac2a22002893x 450
0012d6278b1-d970-4f1e-a702-c5eb833e3bc9
00520211213153423.0
100##$a20211120l1910 k y0rusy50 ca
1010#$afre
102##$aRU
105##$ay z |||||
1220#$ad19101215
2001#$aПисьмо Базен Эдмонда Шиллингу М. Ф. /На франц. яз./
$j15 декабря 1910
215##$a2 листа
251##$cДело
300##$aЗаголовок дела на папке: Письмо Базэн Эдмонда Шиллингу М. Ф.
300##$aТекст на французском языке
300##$aРукописный текст
330##$aВходит в раздел описи: 3. Документы о научной и литературной деятельности барона Шиллинга М. Ф.. Письма разных лиц Шиллингу М. Ф.
461#0$1001ff9fc58f-089b-437b-980d-902343bc59d8
$12001
$aШиллинг Маврикий Фабианович, барон, секретарь русского посольства в Вене
$1251
$cФонд
$1852
$j813
462#0$1001665c067c-d934-4316-b9df-5bf0ad49190b
$12001
$aДела постоянного хранения. 1817-1917
$vД. 149
$1251
$cОпись
$1852
$j1
5171#$aПисьмо Базэн Эдмонда Шиллингу М. Ф.
600#1$aШиллинг
$bМ. Ф.
$cбарон
$gМаврикий Фабианович
600#1$aБазэн
$bЭ.
$gЭдмонд
801#0$aRU
$bGA_RF
801#1$aRU
$bГлавНИВЦ
$c20211120
$2rusmarc
801#2$aRU
$bПБ им. Б.Н. Ельцина
$c20211213
$gRCR
$2rusmarc
852##$aГА РФ
$j149
937##$d171521749
$hГАРФ
035##$aRuPRLIB51060885
856##$uhttp://readingroom.main.prlib.ru/item.aspx?id_node=n171521749&mode=full
Формат отображения